书目信息 |
| 题名: |
资源科学学科发展报告
|
|
| 作者: | ;中国科学技术协会 主编 ;中国自然资源学会 编著 | |
| 分册: | ||
| 出版信息: | 北京 中国科学技术出版社 2009.04 |
|
| 页数: | 214页 | |
| 开本: | 26cm | |
| 丛书名: | ||
| 单 册: | ||
| 中图分类: | P96 | |
| 科图分类: | ||
| 主题词: | 资源科学--进展--研究报告--中国--2008~2009 | |
| 电子资源: | ||
| ISBN: | 978-7-5046-4935-5 | |
| 000 | 01384nam0 2200325 450 | |
| 001 | 004176980 | |
| 005 | 20090610142854.0 | |
| 010 | @a978-7-5046-4935-5@dCNY42.00 | |
| 096 | @aP96@bzgk | |
| 100 | @a20090610d2009 em y0chiy50 ea | |
| 101 | 0 | @achi@deng@eeng |
| 102 | @aCN@b110000 | |
| 105 | @ay z 000yy | |
| 106 | @ar | |
| 200 | 1 | @a资源科学学科发展报告@9zi yuan ke xue xue ke fa zhan bao gao@b专著@dReport on advances in resources science@e2008-2009@f中国科学技术协会主编@g中国自然资源学会编著@zeng |
| 210 | @a北京@c中国科学技术出版社@d2009.04 | |
| 215 | @a214页@c图@d26cm | |
| 300 | @a中国科协学科发展研究系列报告(2008-2009) | |
| 330 | @a本书力图展示各学科发展动态和趋势,分析各学科发展的战略需求;系统收集各学科近几年(特别是近2~3年内)的研究成果,包括最新进展、新成果、新见解、新观点、新方法等;阐明各学科最新研究进展及其在国民经济和社会发展中的应用、成效和前景等。 | |
| 333 | @a本书适合从事资源科学方面研究的专业人士参考阅读。 | |
| 510 | 1 | @aReport on advances in resources science@zeng |
| 606 | 0 | @a资源科学@x进展@x研究报告@y中国@z2008~2009 |
| 690 | @aP96@v5 | |
| 711 | 02 | @a中国科学技术协会@4主编@9zhong guo ke xue ji shu xie hui |
| 712 | 02 | @a中国自然资源学会@4编著@9zhong guo zi ran zi yuan xue hui |
| 801 | 0 | @aCN@bCBIP.CN@c20090417 |
| 801 | 2 | @aCN@bnlcsjz@c20090429 |
| 905 | @aBZT@dP96@e1 | |
| 906 | @dCNY42.00@n0@r1 | |
| SYS | @004176980 | |
| 资源科学学科发展报告=Report on advances in resources science:2008-2009/中国科学技术协会主编/中国自然资源学会编著.-北京:中国科学技术出版社,2009.04 |
| 214页:图;26cm |
| 中国科协学科发展研究系列报告(2008-2009).-使用对象:本书适合从事资源科学方面研究的专业人士参考阅读。 |
| ISBN 978-7-5046-4935-5:CNY42.00 |
| 本书力图展示各学科发展动态和趋势,分析各学科发展的战略需求;系统收集各学科近几年(特别是近2~3年内)的研究成果,包括最新进展、新成果、新见解、新观点、新方法等;阐明各学科最新研究进展及其在国民经济和社会发展中的应用、成效和前景等。 |
| ● |
| 相关链接 |
|
|
|
正题名:资源科学学科发展报告
索取号:P96/1
 
预约/预借
| 序号 | 登录号 | 条形码 | 馆藏地/架位号 | 状态 | 备注 |
| 1 | 751210 | 2000751210 | 样本书库/样001架A面5层2列/ [索取号:P96/1] | 在馆 | |
| 2 | 751211 | 2000751211 | 中心书库中库/ 中库041架B面3列1层52/ [索取号:P96/1] | 在馆 | |
| 3 | 751212 | 2000751212 | 中心书库中库/ 中库041架B面3列1层53/ [索取号:P96/1] | 在馆 | |
| 4 | 751213 | 2000751213 | 中心书库中库/ 中库041架B面3列1层54/ [索取号:P96/1] | 在馆 | |
| 5 | 751214 | 2000751214 | 中心书库中库/ 中库041架B面3列1层55/ [索取号:P96/1] | 在馆 | |
| 6 | 751215 | 2000751215 | 中心书库中库/ 中库041架B面3列1层56/ [索取号:P96/1] | 在馆 |